| 000 | 01009cam a2200361 4500 | ||
|---|---|---|---|
| 008 | 090401t1996 xxu||||| |||| 00| 0 eng d | ||
| 020 | _a0853083940 | ||
| 035 | _a(Sirsi) u37013 | ||
| 041 | _aeng | ||
| 050 | _a306.026 | ||
| 100 | _aClarke, D.N. | ||
| 245 | 4 | _aThe Housing Act 1996 : a practitioner`s guide. | |
| 260 |
_aBristol _bJordans _c1996 |
||
| 300 | _axliii,479p. ; 24cm. | ||
| 350 | _a22.5 | ||
| 520 | _aA comprehensive guide to the changes brought about by the Housing Act 1996. | ||
| 650 | _aASSURED TENANCIES | ||
| 650 | _aHOMELESSNESS | ||
| 650 | _aHOUSES IN MULTIPLE OCCUPATION | ||
| 650 | _aHOUSING ACT 1996 | ||
| 650 | _aHOUSING BENEFIT | ||
| 650 | _aHOUSING CORPORATION | ||
| 650 | _aLEASEHOLD REFORM | ||
| 650 | _aSOCIAL RENTED SECTOR | ||
| 690 | _aHOUSING | ||
| 700 | _aCowan, David | ||
| 700 | _aRichards, Margaret | ||
| 700 | _aWaddington, Matthew | ||
| 700 |
_aCowan, David _xEditor |
||
| 710 |
_aDevonshires _9655 |
||
| 942 | _n0 | ||
| 948 | _c04/03/1997 | ||
| 999 |
_c90420 _d90420 |
||